Mathematical modeling of physical networks

Tallennettuna:
Bibliografiset tiedot
Päätekijä: Blackwell, William A.
Aineistotyyppi: Kirja
Kieli:English
Julkaistu: New York, New York : Macmillan 1968.
Sarja:Macmillan series in electrical science
Aiheet:
Tagit: Lisää tagi
Ei tageja, Lisää ensimmäinen tagi!

MARC

LEADER 00000nam a2200000Ia 4500
003 000256
005 20221231143943.0
008 140114s1968 nyua 000 ||eng d
040 |c cru CEDI 
082 |a 620.7 B632m 
100 |a Blackwell, William A.  |9 19499 
245 |a Mathematical modeling of physical networks  
260 |a New York, New York : Macmillan  |c 1968. 
300 |a xiv, 481 páginas : ilustraciones ; 24 cm.-- 
440 |a  Macmillan series in electrical science  |9 19490 
650 |x ANALISIS DE SISTEMAS  |9 19501 
942 |2 ddc  |c BK 
999 |c 14744  |d 14744